|
|
|
|
| LEADER |
00000 a a2200000 04500 |
| 001 |
30157 |
| 003 |
|
| 040 |
|
|
|
| 020 |
|
|
|a 950-12-4215-3
|
| 090 |
|
|
|a 194504
|
| 100 |
|
|
|a Burin, Mabel
|
| 110 |
|
|
|a Universidad Hebrea Argentina Bar Ilán
|
| 245 |
|
|
|a Género y familia. Poder, amor y sexualidad en la construcción de la subjetividad /
|c Universidad Hebrea Argentina Bar Ilán
|
| 260 |
|
|
|a Buenos Aires:
|b Paidós
|
| 300 |
|
|
|a 437 p.
|
| 650 |
|
|
|a PATERNIDAD
|
| 650 |
|
|
|a MATERNIDAD
|
| 650 |
|
|
|a ADOLESCENTES
|
| 650 |
|
|
|a CONFLICTOS DE GENERACIONES
|
| 650 |
|
|
|a SOCIEDAD POSTINDUSTRIAL
|
| 650 |
|
|
|a FAMILIA
|
| 700 |
|
|
|a Meler, Irene
|
| 710 |
|
|
|a Universidad de Buenos Aires
|
| 999 |
|
|
|c 9210
|d 9210
|